Tour de France 2025 - Top 30 der Bergwertung - Statistiken

Allgemein
  • Dieses Quiz wurde 15 mal gespielt
  • Das Durchschnittsergebnis liegt bei 19 aus 31
Antwortstatistiken
# Fahrer Team Punkte % Korrekt
13 Florian Lipowitz Red Bull - Bora-Hansgrohe 34
100%
2 Jonas Vingegaard Team Visma | Lease a bike 104
93%
3 Lenny Martinez Bahrain Victorious 97
93%
8 Primoz Roglic Red Bull - Bora-Hansgrohe 43
93%
1 Tadej Pogacar UAE Team Emirates XRG 119
93%
7 Felix Gall Decathlon AG2R La Mondiale Team 46
87%
9 Oscar Onley Team Picnic PostNL 42
87%
11 Ben Healy EF Education-EasyPost 37
80%
25 Sepp Kuss Team Visma | Lease a bike 9
80%
18 Tim Wellens UAE Team Emirates XRG 13
80%
5 Ben O'Connor Team Jayco AlUla 51
73%
30 Simon Yates Team Visma | Lease a bike 5
73%
27 Kevin Vauquelin Arkéa-B&B Hotels 7
67%
15 Matteo Jorgenson Team Visma | Lease a bike 25
67%
4 Thymen Arensman INEOS Grenadiers 85
67%
31 Jonas Abrahamsen Uno-X Mobility 5
60%
10 Michael Woods Israel - Premier Tech 38
60%
6 Valentin Paret-Peintre Soudal Quick-Step 51
60%
19 Aleksandr Vlasov Red Bull - Bora-Hansgrohe 12
53%
29 Anders Johannessen Uno-X Mobility 6
47%
16 Michael Storer Tudor Pro Cycling Team 19
47%
26 Quinn Simmons Lidl-Trek 8
47%
17 Tobias Johannessen Uno-X Mobility 18
47%
22 Victor Campenaerts Team Visma | Lease a bike 10
47%
21 Gregor Mühlberger Movistar Team 10
40%
23 Ilan Van Wilder Soudal Quick-Step 10
40%
12 Einer Rubio Reyes Movistar Team 35
33%
28 Harry Sweeny EF Education EasyPost 6
33%
20 Santiago Buitrago Bahrain-Victorious 12
33%
14 Bruno Armirail Decathlon AG2R La Mondiale Team 27
20%
24 Tobias Foss INEOS Grenadiers 10
20%
Keine übereinstimmenden Quizze gefunden
Verteilung der Resultate
Anzahl Personen mit jedem Resultat
Perzentil nach korrekt beantworteten Fragen
Ihre Resultats-Entwicklung
Sie haben dieses Quiz noch nicht gespielt